00480nam a2200193 a 4500001001300000003000900013005001700022008004100039020000800080082001800088100001700106245002700123260003900150300000900189500003500198505001700233650001900250700001700269nice12345678IN_TiNIC20260116011654.0050524s1964 lona grp 000 0 eng  ac000a266.0091bKUH aKuhn, Isobel aNests Above the Abyss. aLondonbChina Inland Missionc1964 a224p aincludes index and biblioraphy2 abibliography aMissions-China1 aKuhn, Isobel